000 00422nam a2200145Ia 4500
003 GCL
008 140319s9999 xx 000 0 ara d
040 _aGCL /
_cGCL
082 0 4 _a746.4
_bت م
100 1 _aتفيدة مرتضى
245 1 0 _aانواع من عرز التطريز /
_cتفيدة مرتضى
260 _a[S.N] :
_bالمركز العربى للنشر بالاسكندرية
300 _a67\
490 _a
999 _c53042
_d53042